LEADER 01028nam 2200373 450 001 990000909390203316 010 $a3-540-62045-1 035 $a0090939 035 $aUSA010090939 035 $a(ALEPH)000090939USA01 035 $a0090939 100 $a20020128d1997----km-y0itay0103----ba 101 $aeng 102 $aUS 105 $a||||||||001yy 200 1 $aDocument imaging$ecomputer meets press 210 $aNew York$cSpringer$dc1997 215 $aXI, 190 p$d24 cm 225 2 $aComputer graphics 410 $12001$aComputer graphics 606 0 $aRiconoscimento di forme 606 0 $aIdentificazione automatica 676 $a006.42 700 1$aSCHONHUT,$bJürgen$0551880 801 0$aIT$bsalbc$gISBD 912 $a990000909390203316 951 $a006.42 SCH$b10384 ING$c006.42 959 $aBK 969 $aTEC 979 $aPATTY$b90$c20020128$lUSA01$h1133 979 $c20020403$lUSA01$h1734 979 $aPATRY$b90$c20040406$lUSA01$h1703 996 $aDocument imaging$9971062 997 $aUNISA LEADER 01729oam 2200481zu 450 001 9910872712103321 005 20241212214820.0 035 $a(CKB)111026746709294 035 $a(SSID)ssj0000451109 035 $a(PQKBManifestationID)12191407 035 $a(PQKBTitleCode)TC0000451109 035 $a(PQKBWorkID)10459031 035 $a(PQKB)11119350 035 $a(EXLCZ)99111026746709294 100 $a20160829d1994 uy 101 0 $aeng 181 $ctxt 182 $cc 183 $acr 200 10$a1994 5th European Quantum Electronics Conference : RAI Congress Centre, Amsterdam, The Netherlands, 28 August-2 September, 1994 210 31$a[Place of publication not identified]$cThe Institute of Electrical and Electronics Engineers$d1994 300 $aBibliographic Level Mode of Issuance: Monograph 311 08$a9780780317918 311 08$a0780317912 606 $aQuantum electronics$vCongresses 606 $aLasers$vCongresses 606 $aPhysics$2HILCC 606 $aPhysical Sciences & Mathematics$2HILCC 606 $aElectricity & Magnetism$2HILCC 615 0$aQuantum electronics 615 0$aLasers 615 7$aPhysics 615 7$aPhysical Sciences & Mathematics 615 7$aElectricity & Magnetism 712 02$aEuropean Physical Society Quantum Optics Division. 712 02$aOptical Society of America 712 02$aEuropean Physical Society Quantum Electronics Division. 712 12$aEuropean Quantum Electronics Conference 801 0$bPQKB 906 $aBOOK 912 $a9910872712103321 996 $a1994 5th European Quantum Electronics Conference : RAI Congress Centre, Amsterdam, The Netherlands, 28 August-2 September, 1994$92540655 997 $aUNINA